[Event "LTU chess league"]
[Site "LTU"]
[Date "2009.03.14"]
[Round "8.32"]
[White "Baliasnyj, Timur"]
[Black "Savickas, Airidas"]
[Result "0-1"]
[WhiteElo "2238"]
[BlackElo "2358"]
[PlyCount "120"]
[EventDate "2008.11.08"]

1. d4 d6 2. c4 g6 3. Nc3 Bg7 4. e4 e5 5. dxe5 dxe5 6. Qxd8+ Kxd8 7. Bg5+ f6 8.
O-O-O+ Nd7 9. Be3 c6 10. Bc5 Nh6 11. h4 Ng4 12. Nh3 h5 13. Kb1 Ke8 14. Bd6 Bf8
15. Be2 Nc5 16. Bxf8 Rxf8 17. Bxg4 Bxg4 18. f3 Be6 19. b3 Rd8 20. Nf2 Ke7 21.
Kc2 Bc8 22. Rxd8 Rxd8 23. Rd1 Rg8 24. Rh1 Ne6 25. Ne2 b6 26. Kc3 a5 27. Nd3 Ba6
28. f4 exf4 29. Nexf4 Bc8 30. Re1 Nxf4 31. Nxf4 Bg4 32. e5 g5 33. exf6+ Kxf6
34. hxg5+ Kxg5 35. Nd3 Bf5 36. Re3 h4 37. Rf3 Re8 38. Nf4 Re4 39. Nh3+ Kf6 40.
Kd2 Rg4 41. Nf4 Ke5 42. Ke3 Be4 43. Rf2 Rg3+ 44. Kd2 a4 45. bxa4 Ra3 46. Ne2
Rxa2+ 47. Kc3 Rxa4 48. Kb3 Ra1 49. Nc3 Re1 50. Rf8 Re3 51. Re8+ Kd4 52. Rd8+
Bd5 53. cxd5 Rxc3+ 54. Kb2 cxd5 55. Rh8 Rg3 56. Rxh4+ Kc5 57. Rh2 b5 58. Kc2 b4
59. Kb2 Kc4 60. Kc2 d4 0-1

[Event "LTU chess league"]
[Site "LTU"]
[Date "2009.03.14"]
[Round "8.34"]
[White "Molofej, Denis"]
[Black "Jegorovas, Aleksandras"]
[Result "0-1"]
[WhiteElo "2014"]
[BlackElo "2303"]
[PlyCount "120"]
[EventDate "2008.11.08"]

1. e4 Nf6 2. Nc3 d5 3. e5 Nfd7 4. Nxd5 Nxe5 5. Ne3 c5 6. b3 g6 7. f4 Qd4 8. c3
Nd3+ 9. Bxd3 Qxd3 10. Qe2 Qxe2+ 11. Nxe2 Bg7 12. d4 cxd4 13. cxd4 Nc6 14. Bb2
O-O 15. O-O Rd8 16. Rfd1 Be6 17. Rd2 Rac8 18. Rad1 Bd5 19. Ng4 Nb4 20. Nc3 Be6
21. Ne3 Nd5 22. Nexd5 Bxd5 23. Nxd5 Rxd5 24. Kf2 e6 25. g4 g5 26. fxg5 Rxg5 27.
Kf3 Rd5 28. h3 a5 29. a4 b5 30. Rd3 Rc2 31. R1d2 Rc8 32. Rc3 Rcd8 33. Rcd3 Rb8
34. Ba3 bxa4 35. bxa4 Rxd4 36. Rxd4 Bxd4 37. Ke4 Bf6 38. Bd6 Rc8 39. Ra2 Rc3
40. Rf2 Rc4+ 41. Kd3 Rd4+ 42. Ke3 Rxd6 43. Rxf6 Rb6 44. Rf4 Rb3+ 45. Kd4 Rb4+
46. Ke3 Rxf4 47. Kxf4 Kg7 48. Ke5 Kg6 49. h4 f5 50. gxf5+ exf5 51. Kf4 Kf6 52.
Kf3 Ke5 53. Ke3 f4+ 54. Kf3 h5 55. Kf2 Ke4 56. Ke2 f3+ 57. Kf2 Kf4 58. Kf1 Kg3
59. Kg1 Kxh4 60. Kf2 Kg4 0-1

[Event "LTU chess league"]
[Site "LTU"]
[Date "2009.03.14"]
[Round "8.35"]
[White "Domarkaite, Laima"]
[Black "Potapova, Jelizaveta"]
[Result "1-0"]
[WhiteElo "2165"]
[BlackElo "1946"]
[PlyCount "57"]
[EventDate "2008.11.08"]

1. e4 c5 2. Nf3 Nc6 3. c3 e5 4. Bc4 Be7 5. O-O Nf6 6. Re1 O-O 7. d3 d6 8. h3 h6
9. a4 Be6 10. Nbd2 Qd7 11. a5 Nh7 12. Bb5 f5 13. d4 fxe4 14. Nxe4 cxd4 15. cxd4
exd4 16. Nxd4 d5 17. Ng3 Bc5 18. Be3 Bxd4 19. Bxd4 Ng5 20. h4 Bg4 21. Qa4 Ne6
22. Be5 Nc5 23. Qa3 Ne6 24. f3 Bf5 25. a6 Nc7 26. Bxc6 Qxc6 27. Qe7 Qb6+ 28.
Kh2 Rf7 29. Bxc7 1-0

[Event "LTU chess league"]
[Site "LTU"]
[Date "2009.03.14"]
[Round "8.41"]
[White "Malisauskas, Vidmantas"]
[Black "Narmontas, Matas"]
[Result "1/2-1/2"]
[WhiteElo "2479"]
[BlackElo "2381"]
[PlyCount "103"]
[EventDate "2008.11.08"]

1. e4 c5 2. Nf3 e6 3. d4 cxd4 4. Nxd4 Qb6 5. Nc3 Bc5 6. Na4 Qa5+ 7. c3 Bxd4 8.
Qxd4 Nf6 9. Nc5 Nc6 10. Qd6 b6 11. Nb3 Nxe4 12. Qxc6 dxc6 13. Nxa5 bxa5 14. Be3
e5 15. O-O-O Be6 16. Ba6 Rb8 17. Bxa7 Ra8 18. Bb7 Rxa7 19. Bxc6+ Ke7 20. Bxe4
Bxa2 21. Bd5 Bxd5 22. Rxd5 f6 23. Rb5 a4 24. Kc2 Rd8 25. Rd1 Rxd1 26. Kxd1 Kd6
27. Kc2 a3 28. bxa3 Rxa3 29. Kb2 Ra7 30. Rb8 Kc5 31. Kb3 Rd7 32. Rc8+ Kd5 33.
Ra8 Kc5 34. Kc2 Kc4 35. g4 Kc5 36. h4 Kd5 37. f3 Kc5 38. h5 Kc4 39. Ra6 Rf7 40.
Re6 Kd5 41. Re8 f5 42. Rd8+ Kc4 43. g5 Ra7 44. Rc8+ Kd5 45. Kd3 Ra1 46. Rd8+
Ke6 47. Rh8 Rg1 48. Rxh7 Rxg5 49. Kc4 Rg3 50. h6 gxh6 51. Rxh6+ Ke7 52. Kd5
1/2-1/2

[Event "LTU chess league"]
[Site "LTU"]
[Date "2009.03.14"]
[Round "8.42"]
[White "Dubovikas, Tomas"]
[Black "Butnorius, Algimantas"]
[Result "0-1"]
[WhiteElo "2185"]
[BlackElo "2438"]
[PlyCount "58"]
[EventDate "2008.11.08"]

1. e4 e5 2. Nc3 Nf6 3. f4 d5 4. fxe5 Nxe4 5. Nf3 Be7 6. d3 Nxc3 7. bxc3 c5 8.
Be2 Nc6 9. O-O O-O 10. Qe1 f6 11. exf6 Bxf6 12. Bd2 Qd6 13. Bg5 Bd7 14. Qd2
Bxg5 15. Nxg5 h6 16. Rxf8+ Rxf8 17. Nf3 d4 18. Re1 dxc3 19. Qxc3 Be6 20. a3 b6
21. Bd1 Bd5 22. Qd2 Qg6 23. Nh4 Qf6 24. Bf3 Bxf3 25. Nxf3 Nd4 26. Ne5 Re8 27.
Ng4 Rxe1+ 28. Qxe1 Qg6 29. Ne3 Nf3+ 0-1

[Event "LTU chess league"]
[Site "LTU"]
[Date "2009.03.14"]
[Round "8.43"]
[White "Beinoras, Mindaugas"]
[Black "Adomaitis, Edgaras"]
[Result "1-0"]
[WhiteElo "2434"]
[BlackElo "1894"]
[PlyCount "87"]
[EventDate "2008.11.08"]

1. d4 Nf6 2. c4 g6 3. Nc3 Bg7 4. e4 d6 5. f3 O-O 6. Be3 Nc6 7. d5 Ne5 8. Qd2 c6
9. b3 Qa5 10. Nge2 c5 11. Rc1 a6 12. Ng3 h5 13. Bg5 b5 14. f4 b4 15. Nd1 Ned7
16. Bd3 Qc7 17. O-O a5 18. Bc2 a4 19. e5 dxe5 20. f5 axb3 21. axb3 Ra2 22. Nf2
Re8 23. fxg6 fxg6 24. Bh6 Nf8 25. Bxg7 Kxg7 26. Qg5 Rxc2 27. Rxc2 N8h7 28. Qe3
h4 29. Nge4 Bf5 30. Ra2 Nxe4 31. Nxe4 Bxe4 32. Qxe4 Nf6 33. Qxh4 Rh8 34. Qg3
Nh5 35. Qg5 Nf4 36. Ra6 e6 37. Rfa1 Rh5 38. Qxh5 gxh5 39. Ra7 Qxa7 40. Rxa7+
Kf6 41. d6 e4 42. Rh7 e5 43. d7 Ne6 44. Rh6+ 1-0

[Event "LTU chess league"]
[Site "LTU"]
[Date "2009.03.14"]
[Round "8.44"]
[White "Klabis, Rokas"]
[Black "Solys, Laimutis"]
[Result "1/2-1/2"]
[WhiteElo "1849"]
[BlackElo "2308"]
[PlyCount "140"]
[EventDate "2008.11.08"]

1. e4 e5 2. Nf3 Nc6 3. Bb5 a6 4. Ba4 Nf6 5. O-O Be7 6. Re1 b5 7. Bb3 d6 8. h3
Na5 9. c3 Nxb3 10. axb3 Bb7 11. d3 O-O 12. Nbd2 Re8 13. Nf1 Bf8 14. Ng3 g6 15.
Bg5 h6 16. Bd2 Bg7 17. Qc1 Kh7 18. Qc2 d5 19. Rad1 c5 20. Bc1 Qc7 21. Nh2 Rad8
22. Qe2 dxe4 23. dxe4 Rxd1 24. Rxd1 Rd8 25. Rxd8 Qxd8 26. Nf3 Ne8 27. Be3 Qc7
28. Nd2 Nd6 29. Qg4 Bc8 30. Qe2 Ne8 31. Qd3 Bb7 32. f3 Bf8 33. Qc2 Ng7 34. Ndf1
Ne6 35. Nh1 Be7 36. Nf2 h5 37. Nd3 Bd6 38. Nf2 Ng7 39. Ng3 Qe7 40. Qd2 f5 41.
exf5 gxf5 42. Bg5 Qe6 43. Nf1 Bc7 44. Be3 Bd6 45. Bg5 Bd5 46. c4 bxc4 47. Ne3
Bc6 48. Nxc4 Bc7 49. Be3 Qg6 50. Nd3 e4 51. Nde5 Bxe5 52. Nxe5 Qe6 53. f4 Bd5
54. Bxc5 Bxb3 55. Nd7 Kg8 56. Qd4 Kf7 57. Bf8 Ne8 58. Qa7 Kg8 59. Bc5 a5 60.
Nf8 Qf7 61. Qb6 a4 62. Ng6 Qe6 63. Ne7+ Kh7 64. Qa7 Kh6 65. Qb8 Qf7 66. Qb6+
Kh7 67. Qd8 Ng7 68. Bd4 Be6 69. Nc6 Bd5 70. Ne7 Ne6 1/2-1/2

[Event "LTU chess league"]
[Site "LTU"]
[Date "2009.03.14"]
[Round "8.45"]
[White "Laurusaite, Brigita"]
[Black "Paulauskaite, Gintare"]
[Result "1-0"]
[WhiteElo "2058"]
[BlackElo "2044"]
[PlyCount "103"]
[EventDate "2008.11.08"]

1. e4 e6 2. d4 d5 3. Nd2 Nf6 4. e5 Nfd7 5. f4 c5 6. c3 Nc6 7. Ndf3 cxd4 8. cxd4
Qa5+ 9. Kf2 Be7 10. Bd3 Qb6 11. Ne2 f6 12. Kf1 fxe5 13. fxe5 O-O 14. Bb1 Rf7
15. Qd3 Nf8 16. g3 Bd7 17. Kg2 Nb4 18. Qd1 Bb5 19. Nc3 Ba6 20. a3 Nc6 21. b4
Rxf3 22. Kxf3 Qxd4 23. Qxd4 Nxd4+ 24. Kg2 Rc8 25. Bb2 Nb3 26. b5 Nxa1 27. Bxa1
Rxc3 28. Bxc3 Bxb5 29. Bb2 Nd7 30. Rc1 g6 31. h4 Kf7 32. h5 Bc6 33. Kh3 Nb6 34.
hxg6+ hxg6 35. Bd3 Na4 36. Rf1+ Kg7 37. Bd4 Bxa3 38. Bxa7 Bb2 39. Re1 Bc3 40.
Re2 Nb2 41. Bb1 d4 42. Kh4 Kh6 43. Bc5 Bf3 44. Bf8+ Kh7 45. Rf2 Bd5 46. Rf7+
Kg8 47. Bxg6 Be4 48. Kh5 Nc4 49. Bg7 Bb4 50. Rxb7 Bd5 51. Bf6 Nb6 52. Rh7 1-0

[Event "LTU chess league"]
[Site "LTU"]
[Date "2009.03.14"]
[Round "8.51"]
[White "Bucinskas, Valdas"]
[Black "Macenis, Audrius"]
[Result "1-0"]
[WhiteElo "2325"]
[BlackElo "2165"]
[PlyCount "59"]
[EventDate "2008.11.08"]

1. e4 e6 2. d4 d5 3. Nc3 Nf6 4. e5 Nfd7 5. f4 c5 6. Nf3 Nc6 7. Be3 a6 8. Qd2 b5
9. a3 Qa5 10. dxc5 b4 11. Na2 Nxc5 12. Nd4 Nxd4 13. axb4 Nxc2+ 14. Qxc2 Qa4 15.
Qxa4+ Nxa4 16. b3 Nc3 17. Nxc3 Bxb4 18. Bd2 O-O 19. Bd3 Rb8 20. Rb1 a5 21. Ke2
Bd7 22. Rhc1 Rb7 23. Na4 Rfb8 24. Nc5 Bxc5 25. Rxc5 Rxb3 26. Rxb3 Rxb3 27. Rc7
Be8 28. Rc8 Kf8 29. Bc2 Ra3 30. Be3 1-0

[Event "LTU chess league"]
[Site "LTU"]
[Date "2009.03.14"]
[Round "8.52"]
[White "Vasylius, Kestutis"]
[Black "Mickevicius, Juras"]
[Result "0-1"]
[WhiteElo "2105"]
[BlackElo "2322"]
[PlyCount "140"]
[EventDate "2008.11.08"]

1. e4 g6 2. d4 Bg7 3. Nc3 d6 4. Be3 a6 5. a4 Nf6 6. f3 O-O 7. Bc4 c6 8. Nge2 d5
9. Bb3 dxe4 10. Nxe4 Nxe4 11. fxe4 Bg4 12. c3 e5 13. d5 Qh4+ 14. Bf2 Qh5 15.
Qc2 cxd5 16. Bxd5 Nc6 17. Ng3 Qg5 18. O-O Nd8 19. b4 Rc8 20. Bc5 Re8 21. Qf2
Be6 22. Bxe6 Rxe6 23. Rfd1 Bf8 24. Be3 Qe7 25. Rd3 Rec6 26. Ne2 Ne6 27. Rad1
Qe8 28. a5 Rd8 29. Rxd8 Nxd8 30. Rd5 Rc4 31. Bg5 Ne6 32. Bf6 Rxe4 33. Rxe5 Qc6
34. Qf3 Rxe5 35. Qxc6 bxc6 36. Bxe5 f5 37. Kf2 Kf7 38. Ke3 Be7 39. Nd4 Nxd4 40.
Bxd4 Ke6 41. Kd3 g5 42. Kc4 f4 43. Kb3 g4 44. c4 c5 45. bxc5 Kd7 46. Kc3 Kc6
47. Kd3 Bxc5 48. Be5 f3 49. gxf3 gxf3 50. Bg3 Bg1 51. h3 Kc5 52. Bc7 f2 53. Ke2
Kxc4 54. Bb6 Kb5 55. Bd8 f1=Q+ 56. Kxf1 Bd4 57. Kg2 Bc3 58. Kf3 Bxa5 59. Bg5
Bc3 60. Bd8 Bd4 61. Kg4 Bb6 62. Bg5 a5 63. Kf5 a4 64. Bc1 Kc4 65. Ba3 Be3 66.
h4 Bd2 67. Bf8 Kb3 68. Bg7 a3 69. Be5 a2 70. Ba1 Bc3 0-1

[Event "LTU chess league"]
[Site "LTU"]
[Date "2009.03.14"]
[Round "8.53"]
[White "Chocenka, Dmitrijus"]
[Black "Setkauskas, Vaidas"]
[Result "1/2-1/2"]
[WhiteElo "2297"]
[BlackElo "2065"]
[PlyCount "162"]
[EventDate "2008.11.08"]

1. e4 c5 2. Nf3 d6 3. d4 cxd4 4. Nxd4 Nf6 5. Nc3 g6 6. Be3 Bg7 7. f3 O-O 8. Qd2
Nc6 9. Bc4 Bd7 10. h4 Rc8 11. Bb3 h5 12. O-O-O Ne5 13. Bg5 Rc5 14. g4 hxg4 15.
f4 Nc4 16. Qe2 Na5 17. e5 Nxb3+ 18. Nxb3 Rxc3 19. bxc3 Bc6 20. exf6 exf6 21.
Qxg4 Bxh1 22. Rxh1 fxg5 23. hxg5 Qc8 24. Qh3 Re8 25. Qxc8 Rxc8 26. Rd1 Rc6 27.
Na5 Rc7 28. Rxd6 Bxc3 29. Nb3 Re7 30. Nc5 Kg7 31. Nd3 Rc7 32. Kd1 Kf8 33. Rd5
b6 34. Ke2 Ke7 35. f5 gxf5 36. Rxf5 Bg7 37. Kd2 Bc3+ 38. Ke3 Rd7 39. Rf4 Ke6
40. Rc4 Bg7 41. Ke4 Ke7 42. Nf4 Kd6 43. Nd5 Rd8 44. Nc7 a6 45. a4 f6 46. g6 Rh8
47. Kf3 f5 48. Nxa6 Rh3+ 49. Kf2 Rh2+ 50. Kf3 Rh3+ 51. Kg2 Rh6 52. Nb4 Rxg6+
53. Kf3 Kd7 54. Nd5 Be5 55. Rb4 Bc7 56. Rh4 Rc6 57. c4 Bd6 58. Rh7+ Ke6 59.
Rh6+ Ke5 60. Nf4 Rxc4 61. Re6+ Kd4 62. Rxd6+ Kc5 63. Rd5+ Kc6 64. Rxf5 Rxa4 65.
Ke3 Ra5 66. Rf6+ Kb7 67. Nd3 Ra4 68. Kd2 Rh4 69. Kc3 Rh3 70. Re6 Ka6 71. Kd4
Rh4+ 72. Kd5 Kb5 73. Ne5 Rh1 74. Kd6 Rc1 75. Rh6 Rc2 76. Rh1 Ka5 77. Ra1+ Kb5
78. Rb1+ Ka6 79. Nc6 Kb7 80. Nb4 Rc3 81. Rh1 81... Rc7 {...} 1/2-1/2

[Event "LTU chess league"]
[Site "LTU"]
[Date "2009.03.14"]
[Round "8.54"]
[White "Petrauskas, Saulius"]
[Black "Limontas, Martynas"]
[Result "0-1"]
[WhiteElo "2045"]
[BlackElo "2282"]
[PlyCount "98"]
[EventDate "2008.11.08"]

1. e4 Nf6 2. e5 Nd5 3. d4 d6 4. c4 Nb6 5. exd6 cxd6 6. Nc3 g6 7. Bd3 Bg7 8.
Nge2 O-O 9. O-O e5 10. dxe5 dxe5 11. f4 Nc6 12. a3 Be6 13. c5 Nd5 14. fxe5 Nxc3
15. bxc3 Bxe5 16. Bh6 Bxh2+ 17. Kxh2 Qh4+ 18. Kg1 Qxh6 19. Nf4 Rad8 20. Qe2
Rfe8 21. Qf2 Qg7 22. Rab1 Rd7 23. Rbe1 Rde7 24. Nxe6 Rxe6 25. Bc4 Rxe1 26. Rxe1
Rxe1+ 27. Qxe1 Qf6 28. Qe8+ Kg7 29. Qd7 Ne5 30. Qd4 Nxc4 31. Qxc4 Qe6 32. Qd4+
f6 33. c6 Qxc6 34. Qxa7 Qe4 35. Qc5 h5 36. c4 Qe1+ 37. Kh2 Qe5+ 38. Qxe5 fxe5
39. Kg3 Kf6 40. a4 Ke6 41. Kf3 b6 42. Ke4 Kd6 43. g3 g5 44. Kf5 h4 45. gxh4
gxh4 46. Kg4 Kc5 47. Kxh4 Kxc4 48. Kg4 e4 49. Kf4 Kd4 0-1

[Event "LTU chess league"]
[Site "LTU"]
[Date "2009.03.14"]
[Round "8.55"]
[White "Petkeviciute, Justina"]
[Black "Zalimaite, Ieva"]
[Result "1-0"]
[WhiteElo "1812"]
[BlackElo "1857"]
[PlyCount "73"]
[EventDate "2008.11.08"]

1. e4 e6 2. d4 d5 3. exd5 exd5 4. Bd3 Bd6 5. c3 Ne7 6. Ne2 O-O 7. O-O Bf5 8.
Bf4 Nbc6 9. Qc2 Bxd3 10. Qxd3 Ng6 11. Bxd6 Qxd6 12. Nd2 Rfe8 13. Nf3 a6 14.
Rfe1 Nf4 15. Nxf4 Qxf4 16. Re2 Rxe2 17. Qxe2 Qe4 18. Re1 Re8 19. Qd2 Qxe1+ 20.
Nxe1 f6 21. g3 Nd8 22. Nd3 a5 23. Kf1 Nf7 24. Qf4 Nd6 25. b3 Re4 26. Qd2 b6 27.
f3 Re8 28. Qf4 Re7 29. h4 Rd7 30. h5 Nb5 31. Qe3 Kf7 32. Nf4 Re7 33. Qd3 c6 34.
Kf2 Kg8 35. c4 Nc7 36. cxd5 cxd5 37. Qf5 1-0

[Event "LTU chess league"]
[Site "LTU"]
[Date "2009.03.15"]
[Round "9.11"]
[White "Kveinys, Aloyzas"]
[Black "Bucinskas, Valdas"]
[Result "1/2-1/2"]
[WhiteElo "2533"]
[BlackElo "2325"]
[PlyCount "87"]
[EventDate "2008.11.08"]

1. d4 d5 2. Nf3 Nf6 3. c4 dxc4 4. e3 e6 5. Bxc4 a6 6. O-O b5 7. Bd3 Bb7 8. Qe2
Nbd7 9. a4 b4 10. Nbd2 c5 11. Nc4 a5 12. Nce5 Bd6 13. Bb5 cxd4 14. Rd1 Qc7 15.
Nxd7 Nxd7 16. Rxd4 Rd8 17. e4 O-O 18. Bg5 f6 19. Rc1 Qb8 20. Be3 Ne5 21. Nd2
Rc8 22. Nb3 Rxc1+ 23. Bxc1 Rc8 24. Qd1 Bc7 25. Be3 Bb6 26. Bd7 Nxd7 27. Rxd7
Bxe3 28. fxe3 Bc6 29. Re7 Kf8 30. Rxe6 Bxa4 31. e5 Bxb3 32. Qxb3 fxe5 33. Qd5
Re8 34. Qc5+ Kg8 35. Rxe8+ Qxe8 36. Qxa5 Qe7 37. Qd5+ Kf8 38. h3 h6 39. Kh2 Qc7
40. Qe4 Qd6 41. Kg3 Ke7 42. h4 g6 43. Qb7+ Kf6 44. Qe4 1/2-1/2

[Event "LTU chess league"]
[Site "LTU"]
[Date "2009.03.15"]
[Round "9.12"]
[White "Mickevicius, Juras"]
[Black "Zagorskis, Darius"]
[Result "1/2-1/2"]
[WhiteElo "2322"]
[BlackElo "2509"]
[PlyCount "68"]
[EventDate "2008.11.08"]

1. d4 Nf6 2. c4 e6 3. Nf3 c5 4. d5 exd5 5. cxd5 d6 6. Nc3 g6 7. g3 Bg7 8. Bg2
O-O 9. O-O Na6 10. e4 Nc7 11. a4 Bg4 12. h3 Bxf3 13. Qxf3 Nd7 14. Qe2 Re8 15.
Qc2 a6 16. Be3 b5 17. Rad1 b4 18. Nb1 b3 19. Qc1 Rb8 20. Bg5 Qc8 21. Nc3 Rb4
22. Bh6 Nb6 23. Bxg7 Kxg7 24. f4 Nxa4 25. Nxa4 Rxa4 26. e5 Nb5 27. f5 Rxe5 28.
f6+ Kg8 29. Rde1 Rd4 30. Rxe5 dxe5 31. Qe3 e4 32. Bxe4 Qe8 33. Qh6 Qf8 34. Qe3
Qe8 1/2-1/2

[Event "LTU chess league"]
[Site "LTU"]
[Date "2009.03.15"]
[Round "9.13"]
[White "Grabliauskas, Virginijus"]
[Black "Limontas, Martynas"]
[Result "1/2-1/2"]
[WhiteElo "2427"]
[BlackElo "2282"]
[PlyCount "64"]
[EventDate "2008.11.08"]

1. d4 Nf6 2. c4 e6 3. g3 Bb4+ 4. Nd2 c5 5. a3 Bxd2+ 6. Qxd2 cxd4 7. Nf3 b6 8.
Bg2 Bb7 9. Qxd4 Nc6 10. Qf4 O-O 11. b4 d5 12. Bb2 dxc4 13. Qxc4 Rc8 14. Qh4 e5
15. O-O Ba6 16. Rfe1 Re8 17. a4 b5 18. a5 Nd5 19. Qh5 Nf6 20. Qf5 Qe7 21. Rab1
Qxb4 22. Bxe5 Qe4 23. Qxe4 Nxe4 24. Ba1 Nxa5 25. Nd4 Nd2 26. Rb4 Rc4 27. Rxc4
Naxc4 28. Bc3 Ne4 29. Bb4 Bb7 30. Nxb5 a5 31. Bc3 Nxc3 32. Nxc3 Bxg2 1/2-1/2

[Event "LTU chess league"]
[Site "LTU"]
[Date "2009.03.15"]
[Round "9.14"]
[White "Lipskij, Valerij"]
[Black "Bandza, Algirdas"]
[Result "0-1"]
[WhiteElo "2131"]
[BlackElo "2378"]
[PlyCount "86"]
[EventDate "2008.11.08"]

1. c4 Nf6 2. Nc3 g6 3. g3 Bg7 4. Bg2 O-O 5. e4 d6 6. Nge2 c5 7. O-O Nc6 8. d3
Ne8 9. Be3 Nd4 10. Qd2 Nc7 11. f4 f5 12. Rae1 Rb8 13. Nd5 b5 14. Bxd4 cxd4 15.
Nxc7 Qxc7 16. Rc1 bxc4 17. Rxc4 Qb6 18. Rc2 Bb7 19. exf5 Bxg2 20. Kxg2 Rxf5 21.
Rfc1 Qb7+ 22. Kg1 e5 23. b3 exf4 24. Nxf4 Bh6 25. Qe2 Bxf4 26. gxf4 Rxf4 27.
Qe6+ Kh8 28. Rc8+ Rxc8 29. Qxc8+ Qxc8 30. Rxc8+ Kg7 31. Rd8 Rf3 32. Rxd6 Rxd3
33. Rd7+ Kf6 34. Rxa7 Rd2 35. a3 Rb2 36. b4 Ke6 37. Ra8 Kd5 38. h4 Ke4 39. Kf1
Ke3 40. Re8+ Kd2 41. Re2+ Kc3 42. Re1 d3 43. Re7 Rb1+ 0-1

[Event "LTU chess league"]
[Site "LTU"]
[Date "2009.03.15"]
[Round "9.15"]
[White "Zaksaite, Salomeja"]
[Black "Petkeviciute, Justina"]
[Result "1-0"]
[WhiteElo "2211"]
[BlackElo "1812"]
[PlyCount "41"]
[EventDate "2008.11.08"]

1. e4 c6 2. d4 d5 3. Nd2 dxe4 4. Nxe4 Nd7 5. Nf3 Ngf6 6. Ng3 g6 7. Bc4 Nb6 8.
Bb3 Bg4 9. Bxf7+ Kxf7 10. Ne5+ Kg8 11. Nxg4 Nxg4 12. Qxg4 Qd5 13. O-O Bg7 14.
c3 Kf7 15. f4 e6 16. f5 exf5 17. Nxf5 Bf6 18. Bg5 Nd7 19. c4 Qa5 20. Nd6+ Ke7
21. c5 1-0

[Event "LTU chess league"]
[Site "LTU"]
[Date "2009.03.15"]
[Round "9.21"]
[White "Macenis, Audrius"]
[Black "Malisauskas, Vidmantas"]
[Result "1/2-1/2"]
[WhiteElo "2165"]
[BlackElo "2479"]
[PlyCount "73"]
[EventDate "2008.11.08"]

1. e4 c6 2. d4 d5 3. Nd2 dxe4 4. Nxe4 Bf5 5. Ng3 Bg6 6. h4 h6 7. h5 Bh7 8. Nf3
e6 9. Bd3 Bxd3 10. Qxd3 Nf6 11. Bd2 Nbd7 12. O-O-O Qc7 13. Ne4 O-O-O 14. g3 Nc5
15. Nxc5 Bxc5 16. c4 Rhe8 17. Bc3 Bf8 18. Qe2 c5 19. Ne5 cxd4 20. Bxd4 Rd6 21.
Bc3 Red8 22. f4 Rxd1+ 23. Rxd1 Rxd1+ 24. Kxd1 Bd6 25. Kc2 Bxe5 26. Bxe5 Qc6 27.
Bxf6 gxf6 28. Kb3 Qb6+ 29. Kc3 Qg1 30. Qf3 Qc1+ 31. Kb3 f5 32. Qc3 Qxc3+ 33.
Kxc3 a5 34. a3 f6 35. b4 e5 36. Kd3 Kc7 37. Kc3 1/2-1/2

[Event "LTU chess league"]
[Site "LTU"]
[Date "2009.03.15"]
[Round "9.22"]
[White "Butnorius, Algimantas"]
[Black "Vasylius, Kestutis"]
[Result "1-0"]
[WhiteElo "2438"]
[BlackElo "2105"]
[PlyCount "111"]
[EventDate "2008.11.08"]

1. d4 e6 2. Nf3 f5 3. c4 Bb4+ 4. Bd2 Qe7 5. g3 Nf6 6. Bg2 O-O 7. O-O Bxd2 8.
Qxd2 d6 9. Nc3 Nbd7 10. Nh4 Nb6 11. Qd3 f4 12. Rac1 c6 13. c5 Nbd5 14. cxd6
Qxd6 15. Nf3 Bd7 16. Ne5 Rac8 17. Ne4 Qe7 18. Nc5 Be8 19. Bh3 Kh8 20. Nxe6 Rg8
21. e4 Nb4 22. Qb3 a5 23. a3 Na6 24. Nxf4 Rd8 25. Qe6 Qc7 26. Qf5 Qd6 27. Ne6
Rb8 28. Nc4 Qe7 29. e5 Nd5 30. Qg5 Qf7 31. Nd6 Qf3 32. Bg2 Qb3 33. Be4 Nf6 34.
Bf5 h6 35. Qd2 Nd7 36. Nf4 Nf8 37. e6 g5 38. Rc3 Qb6 39. Ne2 Qd8 40. Ne4 Nc7
41. Nc5 Qf6 42. Rf3 Nfxe6 43. Bg4 Qg6 44. Qxa5 b6 45. Qa7 bxc5 46. Qxb8 Bd7 47.
Qb7 Nxd4 48. Nxd4 Bxg4 49. Qxc7 cxd4 50. Qe5+ Kh7 51. Rf6 Qd3 52. Rf7+ Kg6 53.
Qf6+ Kh5 54. f3 Qe3+ 55. Kh1 Bh3 56. g4+ 1-0

[Event "LTU chess league"]
[Site "LTU"]
[Date "2009.03.15"]
[Round "9.23"]
[White "Setkauskas, Vaidas"]
[Black "Beinoras, Mindaugas"]
[Result "1-0"]
[WhiteElo "2065"]
[BlackElo "2434"]
[PlyCount "101"]
[EventDate "2008.11.08"]

1. e4 e5 2. Nf3 Nc6 3. Bb5 d6 4. d4 exd4 5. Nxd4 Bd7 6. O-O Nf6 7. Nc3 Be7 8.
Re1 O-O 9. Bxc6 bxc6 10. h3 c5 11. Nf3 Bc6 12. Bf4 Nd7 13. e5 Nb6 14. Qd3 d5
15. Rad1 Qd7 16. Bg3 Qe6 17. Ne2 d4 18. b3 Nd5 19. c3 Rad8 20. cxd4 Nb4 21. Qb1
Bxf3 22. gxf3 Qxh3 23. Nf4 Qh6 24. Kg2 Nd5 25. Nxd5 Rxd5 26. dxc5 Rxd1 27. Rxd1
Bxc5 28. Rd7 Bb6 29. Qd3 Qg5 30. f4 Qg4 31. f3 Qe6 32. f5 Qc6 33. Rd8 Bc5 34.
Qd5 Qxd5 35. Rxd5 Bb6 36. Bh4 Re8 37. Be7 g6 38. f6 Be3 39. Rd7 Bh6 40. Rxc7
Bf4 41. Bd6 Rd8 42. Rxa7 h5 43. Rb7 Be3 44. a4 Kh7 45. Rxf7+ Kh6 46. Rf8 Rd7
47. f7 Kg5 48. e6 Rxd6 49. e7 Rd2+ 50. Kf1 Kf4 51. e8=Q 1-0

[Event "LTU chess league"]
[Site "LTU"]
[Date "2009.03.15"]
[Round "9.24"]
[White "Solys, Laimutis"]
[Black "Petrauskas, Saulius"]
[Result "1-0"]
[WhiteElo "2308"]
[BlackElo "2045"]
[PlyCount "69"]
[EventDate "2008.11.08"]

1. d4 d5 2. c4 e6 3. Nc3 Nf6 4. cxd5 exd5 5. Bg5 Be7 6. e3 Nbd7 7. Bd3 Nf8 8.
Nge2 Ng6 9. Qc2 c6 10. O-O O-O 11. a3 a5 12. Rae1 Qc7 13. Bxf6 Bxf6 14. Nxd5
Qd6 15. Nxf6+ Qxf6 16. Ng3 a4 17. Ne4 Qh4 18. Nd6 Ra5 19. f4 Qf6 20. Nc4 Rh5
21. Ne5 Nxe5 22. dxe5 Qh4 23. g3 Qh3 24. Rf2 Be6 25. Bf1 Bb3 26. Bxh3 Bxc2 27.
Bg4 Bg6 28. Bxh5 Bxh5 29. Rd2 Bf3 30. e4 Bg4 31. f5 g6 32. Kg2 gxf5 33. h3 Bh5
34. exf5 f6 35. e6 1-0

[Event "LTU chess league"]
[Site "LTU"]
[Date "2009.03.15"]
[Round "9.25"]
[White "Zalimaite, Ieva"]
[Black "Laurusaite, Brigita"]
[Result "1-0"]
[WhiteElo "1857"]
[BlackElo "2058"]
[PlyCount "127"]
[EventDate "2008.11.08"]

1. c4 c5 2. g3 g6 3. Bg2 Bg7 4. Nc3 Nc6 5. e3 e6 6. Nge2 Nge7 7. O-O O-O 8. d4
d6 9. a3 Rb8 10. Rb1 b6 11. b4 Bb7 12. Qd3 Nf5 13. b5 Na5 14. d5 Qc7 15. Rd1 e5
16. Ne4 Bc8 17. Bd2 Nb7 18. a4 Ne7 19. f4 Bf5 20. Qa3 Bg4 21. Re1 Nd8 22. Nf2
Bxe2 23. Rxe2 f5 24. e4 Nf7 25. Rbe1 Rbd8 26. Bc1 h6 27. Ra2 exf4 28. Bxf4 g5
29. Bd2 Ne5 30. Qb3 f4 31. a5 fxg3 32. hxg3 N7g6 33. Rf1 Rd7 34. Bh3 Nf3+ 35.
Kg2 Nxd2 36. Rxd2 Re7 37. Be6+ Kh8 38. axb6 axb6 39. Ng4 Rxf1 40. Kxf1 Ne5 41.
Ne3 Nf3 42. Ra2 Re8 43. Nf5 Nd4 44. Nxd4 Bxd4 45. Ra6 Rf8+ 46. Bf5 Rb8 47. Qa2
Kg7 48. Ra7 Rb7 49. Ra8 Qf7 50. Qa6 Bc3 51. Kg2 Ba5 52. Rd8 Ra7 53. Qc8 Bc3 54.
g4 Rc7 55. Qb8 Rb7 56. Qxd6 Bf6 57. Ra8 h5 58. e5 Be7 59. Qc6 Bf8 60. Qf6+ Qxf6
61. exf6+ Kxf6 62. Rxf8+ Kg7 63. Ra8 hxg4 64. d6 1-0

[Event "LTU chess league"]
[Site "LTU"]
[Date "2009.03.15"]
[Round "9.31"]
[White "Narmontas, Matas"]
[Black "Asauskas, Henrikas"]
[Result "1-0"]
[WhiteElo "2381"]
[BlackElo "2323"]
[PlyCount "71"]
[EventDate "2008.11.08"]

1. e4 c5 2. Nc3 Nc6 3. g3 Rb8 4. Bg2 b5 5. d3 e6 6. Be3 b4 7. Nce2 Nf6 8. d4
Qa5 9. Bf4 d6 10. e5 Nd5 11. exd6 Bd7 12. Bxd5 exd5 13. Qd2 f6 14. Nf3 c4 15.
O-O Kf7 16. Be5 Re8 17. Qf4 Qd8 18. a3 Kg8 19. axb4 fxe5 20. Nxe5 Nxe5 21. dxe5
Bxd6 22. exd6 Rxe2 23. Rxa7 h6 24. Qf3 Re8 25. Qxd5+ Be6 26. Qd4 Qg5 27. Qe4
Qg4 28. Re1 Qxe4 29. Rxe4 Kh7 30. b5 Kg6 31. b6 Bd5 32. Rxe8 Rxe8 33. f4 Kf6
34. d7 Rd8 35. Rc7 Ke7 36. b7 1-0